Don José María Peralta
Na minha lista:
| Autor principal: | |
|---|---|
| Formato: | Livro |
| Idioma: | Undetermined |
| Publicado em: |
San José, Costa Rica
Trejos
1956
|
| Assuntos: | |
| Tags: |
Adicionar Tag
Sem tags, seja o primeiro a adicionar uma tag!
|
MARC
| LEADER | 00000nam a2200000Ia 4500 | ||
|---|---|---|---|
| 008 | 170316s9999 xx 000 0 und d | ||
| 040 | |a cru BVZT | ||
| 090 | |a B-868 P-2d | ||
| 100 | |a Peralta, Hernán G. |9 1546 | ||
| 245 | |a Don José María Peralta | ||
| 260 | |a San José, Costa Rica | ||
| 260 | |b Trejos | ||
| 260 | |c 1956 | ||
| 300 | |a 217 páginas | ||
| 650 | |a LITERATURA COSTARRICENSE |9 17 | ||
| 650 | |a BIOGRAFÍA |9 710 | ||
| 999 | |c 12814 |d 12814 | ||
| 942 | |c 15 D |h B-868 P-2d |2 z | ||
